000 00647nam a2200205Ia 4500
005 20260114182703.0
008 008 260114s9999 xx 000 0 eng d
020 _a9781433831881
037 _aEBOOK
040 _aCRL
_beng
_cCRL
041 _aeng
_2eng
084 _qCRL
100 _aGershoff, Elizabeth T.
_9871028
245 0 _aEnding the physical punishment of children: A guide for clinicians and practitioners.
260 _bAPA
_c2020
650 _aInterpersonal & Client Centered & Humanistic Therapy
_9871029
700 _a Lee, Shawna J.
_9871030
856 _uhttps://psycnet.apa.org/PsycBOOKS/toc/16141
942 _cEBOOK
999 _c1470127
_d1470127